An Introduction to the Pronunciation of English

Bibliographic Details
Main Author: Gimson, A.C (Author)
Format: Book
Language:English
PhysicalDescription:xix, 364 s. 22 cm
Published: London Edward Arnold 1989
ISBN:071316588X
Edition:4th ed.
Subjects:

MARC

LEADER 00000nam a2200000 a 4500
001 vtls001182388
003 SK-MaSNL
005 20260301233915.0
008 240315s1989 GB 0 eng
020 |a 071316588X 
035 |a SNK000125411 
040 |a SNK  |b slo  |c SNK  |e AACR2 
044 |a GB 
080 |a 802.0-4  |2 1981 
100 1 |a Gimson, A.C.  |4 aut  |9 629169 
245 0 |a An Introduction to the Pronunciation of English  |c A.C. Gimson 
250 |a 4th ed. 
260 |a London  |b Edward Arnold  |c 1989 
300 |a xix, 364 s.  |c 22 cm 
650 0 7 |a angličtina  |x výslovnosť  |x príručky  |2 SNK  |9 629170 
650 0 7 |a výslovnosť  |2 SNK  |9 13487 
919 |a 0-7131-6588-X 
958 |a OND 
999 |c 968110  |d 970040 
952 |t P60, <04>, [BOOK], {604}  |a SNK  |b SNK  |y VYP  |7 0  |p 17A0000872  |o snkIC 125504  |i snkZK 00048/96  |0 0  |1 0  |4 0  |d 1996-03-12  |l 0  |r 2005-01-01 00:00:00  |w 2026-02-24